|
|
|
|
| LEADER |
00000nam0a2200000 4500 |
| 001 |
36081 |
| 005 |
20231031001015.0 |
| 035 |
|
|
|a (RuTPU)RU\TPU\book\36544
|
| 035 |
|
|
|a BOOK00003196
|
| 090 |
|
|
|a 36081
|
| 100 |
|
|
|a 20011210d1976 km y0rusy50 ca
|
| 101 |
0 |
|
|a rus
|
| 102 |
|
|
|a RU
|
| 105 |
|
|
|a a z 000zy
|
| 200 |
1 |
|
|a Синтетические клеи
|f Д. А. Кардашов
|
| 205 |
|
|
|a 3-е изд., перераб. и доп.
|
| 210 |
|
|
|a Москва
|c Химия
|d 1976
|
| 215 |
|
|
|a 503 с.
|c ил.
|
| 610 |
1 |
|
|a химия
|
| 610 |
1 |
|
|a синтетические клеи
|
| 610 |
1 |
|
|a получение
|
| 610 |
1 |
|
|a свойства
|
| 610 |
1 |
|
|a клеевые соединения
|
| 610 |
1 |
|
|a применение
|
| 610 |
1 |
|
|a материалы
|
| 610 |
1 |
|
|a склеивание
|
| 675 |
|
|
|a 665.939
|v 3
|
| 700 |
|
1 |
|a Кардашов
|b Д. А.
|g Давид Алексеевич
|
| 801 |
|
0 |
|a RU
|b 63413507
|c 20011210
|g PSBO
|
| 801 |
|
2 |
|a RU
|b 63413507
|c 20200805
|g PSBO
|
| 900 |
|
|
|a Химия и технология пластических масс
|
| 900 |
|
|
|a Технология пластических масс
|
| 900 |
|
|
|a Химическая технология полимеров
|
| 942 |
|
|
|c BK
|